El programa nuclear de Corea del Norte: una incertidumbre constante para la seguridad internacional /
El análisis aborda el desafío que representa el programa nuclear de Corea del Norte para la seguridad global. Se examina su evolución y las implicaciones en el ámbito internacional, destacando la incertidumbre que genera en el escenario de seguridad. Se exploran dinámicas políticas, diplomáticas y e...
Guardado en:
| Hovedforfatter: | |
|---|---|
| Format: | Texto |
| Sprog: | Spanish |
| Fag: | |
| Tags: |
Tilføj Tag
Ingen Tags, Vær først til at tagge denne postø!
|
MARC
| LEADER | 00000 a a2200000 04500 | ||
|---|---|---|---|
| 001 | 48148 | ||
| 003 | cru IIS | ||
| 005 | 20230904082358.0 | ||
| 008 | 230904b |||||||| |||| 00| 0 spa d | ||
| 040 | |c CRAI | ||
| 100 | |a Avila Gómez, Viviana | ||
| 245 | |a El programa nuclear de Corea del Norte: |b una incertidumbre constante para la seguridad internacional / |c Viviana Avila Gómez | ||
| 520 | |a El análisis aborda el desafío que representa el programa nuclear de Corea del Norte para la seguridad global. Se examina su evolución y las implicaciones en el ámbito internacional, destacando la incertidumbre que genera en el escenario de seguridad. Se exploran dinámicas políticas, diplomáticas y estratégicas que rodean esta cuestión, ofreciendo una visión integral de su impacto en la estabilidad global. RAR 08/2023 | ||
| 650 | 0 | |2 OCDE |9 2345 |a SEGURIDAD | |
| 650 | 0 | |2 OCDE |9 6129 |a MODELOS GLOBALES | |
| 650 | 4 | |2 OCDE |9 1848 |a DIPLOMACIA | |
| 650 | 0 | |2 OCDE |9 382 |a POLITICA INTERNACIONAL | |
| 650 | 4 | |2 OCDE |9 2646 |a RELACIONES INTERNACIONALES | |
| 650 | 0 | |2 UNESCO |9 4728 |a CONFLICTOS | |
| 650 | 4 | |2 UNESCO |9 1848 |a DIPLOMACIA | |
| 650 | 0 | |2 UNESCO |9 676 |a GEOPOLITICA | |
| 650 | 4 | |2 OCDE |9 1940 |a ESTABILIDAD POLITICA | |
| 773 | |g páginas 5-12 | ||
| 942 | |2 ddc |c PP | ||
| 999 | |c 31899 |d 31899 | ||
